<?xml version="1.0" encoding="UTF-8"?>
<marc:record xmlns:marc="http://www.loc.gov/MARC21/slim">
   <marc:leader>00000nam a2200000 a 4500</marc:leader>
   <marc:datafield ind1="1" ind2=" " tag="100">
      <marc:subfield code="a">Reid, Ava</marc:subfield>
      <marc:subfield code="4">aut</marc:subfield>
      <marc:subfield code="e">Verfasser/-in</marc:subfield>
   </marc:datafield>
   <marc:datafield ind1=" " ind2=" " tag="653">
      <marc:subfield code="a">The Last of Us</marc:subfield>
   </marc:datafield>
   <marc:datafield ind1=" " ind2=" " tag="653">
      <marc:subfield code="a">Queere Dystopie</marc:subfield>
   </marc:datafield>
   <marc:datafield ind1=" " ind2=" " tag="653">
      <marc:subfield code="a">Coldwire Chloe Gong</marc:subfield>
   </marc:datafield>
   <marc:datafield ind1=" " ind2=" " tag="653">
      <marc:subfield code="a">Dystopische Romance</marc:subfield>
   </marc:datafield>
   <marc:datafield ind1=" " ind2=" " tag="653">
      <marc:subfield code="a">Klimawandel Dystopie</marc:subfield>
   </marc:datafield>
   <marc:datafield ind1=" " ind2=" " tag="653">
      <marc:subfield code="a">Queere Liebesgeschichte</marc:subfield>
   </marc:datafield>
   <marc:datafield ind1=" " ind2=" " tag="653">
      <marc:subfield code="a">Cryptos Ursula Poznanski</marc:subfield>
   </marc:datafield>
   <marc:datafield ind1=" " ind2=" " tag="653">
      <marc:subfield code="a">Forced Proximity Fantasy</marc:subfield>
   </marc:datafield>
   <marc:datafield ind1=" " ind2=" " tag="653">
      <marc:subfield code="a">Spannende Dystopie ab 14</marc:subfield>
   </marc:datafield>
   <marc:datafield ind1=" " ind2=" " tag="653">
      <marc:subfield code="a">Enemies to Lovers Fantasy</marc:subfield>
   </marc:datafield>
   <marc:datafield ind1=" " ind2=" " tag="653">
      <marc:subfield code="a">Ophelia Scale Lena Kiefer</marc:subfield>
   </marc:datafield>
   <marc:datafield ind1=" " ind2=" " tag="653">
      <marc:subfield code="a">A Study in Drowning Ava Reid</marc:subfield>
   </marc:datafield>
   <marc:datafield ind1=" " ind2=" " tag="653">
      <marc:subfield code="a">The Ballad of Songbirds and Snakes</marc:subfield>
   </marc:datafield>
   <marc:datafield ind1=" " ind2=" " tag="653">
      <marc:subfield code="a">Dystopische Bücher für Jugendliche</marc:subfield>
   </marc:datafield>
   <marc:datafield ind1=" " ind2=" " tag="653">
      <marc:subfield code="a">Dystopischer Jugenthriller ab 14 Jahren</marc:subfield>
   </marc:datafield>
   <marc:datafield ind1=" " ind2=" " tag="653">
      <marc:subfield code="a">Das Lied von Vogel und Schlange suzanne Collins</marc:subfield>
   </marc:datafield>
   <marc:datafield ind1=" " ind2=" " tag="653">
      <marc:subfield code="a">rot</marc:subfield>
   </marc:datafield>
   <marc:datafield ind1="0" ind2="0" tag="245">
      <marc:subfield code="a">Fable for the End of the World</marc:subfield>
   </marc:datafield>
   <marc:datafield ind1="0" ind2="0" tag="245">
      <marc:subfield code="b">Tränen aus Blut und Hoffnung - Fesselnde Dystopie trifft auf queere Enemies-to-Lovers-Romance - Mit Farbschnitt in der 1. Auflage</marc:subfield>
   </marc:datafield>
   <marc:datafield ind1="0" ind2="0" tag="245">
      <marc:subfield code="c">Reid, Ava</marc:subfield>
   </marc:datafield>
   <marc:datafield ind1=" " ind2="1" tag="264">
      <marc:subfield code="a">Bindlach</marc:subfield>
      <marc:subfield code="b">Loewe</marc:subfield>
      <marc:subfield code="c">2025</marc:subfield>
   </marc:datafield>
   <marc:datafield ind1=" " ind2=" " tag="250">
      <marc:subfield code="a">1. Auflage</marc:subfield>
   </marc:datafield>
   <marc:datafield ind1="1" ind2=" " tag="520">
      <marc:subfield code="a">Loewe-Bücher: garantiert ohne KI&#xD;
    &#xD;
Du sollst sie töten. Doch was, wenn du ohne sie nicht überleben kannst? &#xD;
  &#xD;
Die Erde ist verseucht, der Meeresspiegel steigt und ein Konzern regiert Inesas Heimat. Dieser hat auch den Lauf des Lamms etabliert: einen tödlichen Wettkampf, der live übertragen wird und bei dem schwer verschuldete Menschen als „Lämmer“ von ausgebildeten „Engeln“ gejagt werden. Als Inesas Mutter zu tief in die Schulden rutscht, muss ihre Tochter für sie beim Lauf antreten. Doch der Kampf um Leben und Tod bringt Inesa ihrem Engel Melinoë näher als geahnt ... &#xD;
  &#xD;
&#xD;
  &#xD;
Der spannungsgeladene und berührende New York Times-Besteller &#xD;
  &#xD;
Ava Reids Fable for the End of the World ist nicht nur eine mitreißende Dystopie, sondern auch eine bewegende Liebesgeschichte – verwoben mit tiefgründigen Themen und geschrieben in einem wunderschönen Stil. &#xD;
  &#xD;
 &#xD;
   &#xD;
   Der New York Times-Bestseller jetzt auf Deutsch: Über den Kampf ums Überleben, die Frage nach Menschlichkeit und den Glauben an die Hoffnung &#xD;
   Fesselnde Dystopie: eine Welt, die unter den Folgen des Klimawandels leidet und ein tödlicher Wettkampf, der live übertragen wird. &#xD;
   Mit queerer Liebesgeschichte: lesbische Enemies-to-Lovers-Romance &#xD;
   Kapitalismuskritik: Ein Konzern regiert das Land, treibt seine Bevölkerung in die Schulden und handelt nur im Sinne des Profits. &#xD;
   Feministische Botschaft: gegen Sexismus und die Objektifizierung von Frauen &#xD;
   Poetischer Stil: SPIEGEL-Bestsellerautorin Ava Reid berührt mit wunderschönen Zeilen.&#xD;
  &#xD;
  &#xD;
Erstauflage mit opulentem Farbschnitt und exklusiver Charakterpostkarte - Nur in der 1. Auflage!</marc:subfield>
   </marc:datafield>
   <marc:datafield ind1=" " ind2=" " tag="020">
      <marc:subfield code="a">9783743221666</marc:subfield>
      <marc:subfield code="9">9783743221666</marc:subfield>
   </marc:datafield>
   <marc:datafield ind1=" " ind2=" " tag="020">
      <marc:subfield code="a">3743221667</marc:subfield>
      <marc:subfield code="9">3743221667</marc:subfield>
   </marc:datafield>
   <marc:datafield ind1=" " ind2=" " tag="041">
      <marc:subfield code="a">ger</marc:subfield>
   </marc:datafield>
   <marc:datafield ind1=" " ind2=" " tag="338">
      <marc:subfield code="a">Band</marc:subfield>
   </marc:datafield>
   <marc:datafield ind1=" " ind2=" " tag="300">
      <marc:subfield code="a">1 Postkarte</marc:subfield>
   </marc:datafield>
</marc:record>
